LEADER 01318nam a2200265 u 4500 001 000000042439 003 CaOOAMICUS 005 20070226114327.0 008 990226s1987 gw u000 u ger u 035 $a10815686 040 $aPUL(R)$bita 245 04$aDer Aufgabe der Christen für den Frieden- Max Josef Metzger und die christliche Friedensarbeit zwischen den Weltkriegen /$cWalter Dirks (Hrsg.) ; mit Beiträgen von Rupert Feneberg .. 260 $aMünchen :$bVerlag Schnell & Steiner,$cc1987. 300 $a144 p., [1] c. di tav. :$britr. ;$c21 cm 504 $aBibliografia in nota. 600 14$aMetzger, Max Josef,$csac.,$d1887-1944.$0(OLS)http://pul/subject/18876 650 4$aPace.$0(OLS)http://pul/subject/4327 700 1 $aFeneberg, Rupert.$0(OLS)http://pul/name/31159 700 1 $aDirks, Walter.$0(OLS)http://pul/name/31158 850 $aPUL 852 $aPUL$W1$xDP1 Cons. Gen., Altre Classi 1$y22$m44 D 47$j57359$nBK-PRI$b $qStampati$B57359$CPULBib$Z2$F57359 $H $81 941 1 $a8 961 $aINV: 58747 996 $6245$aDer Aufgabe der Christen für den Frieden- Max Josef Metzger und die christliche Friedensarbeit zwischen den Weltkriegen$9(OLS)http://pul/title/57261 996 $6260$aMünchen :$bVerlag Schnell & Steiner$9(OLS)http://pul/publisher/64872 LEADER 01477nam a2200325 a 4500 001 000000133371 003 CaOOAMICUS 005 20130404124056.0 008 130404s2012 it u000 u ita r 020 $a978-88-63-62071-9 040 $aPUL$bita 082 04$a321.8 245 00$aDemocrazia, verità, pluralismo /$cFrancisco De Macedo ; Michele Schiff (Edd.) . 260 $aNapoli :$bChirico,$c2012. 300 $a156 p. ;$c22 cm. 504 $aBibliografia in nota. 650 4$aDemocrazia.$0(OLS)http://pul/subject/11947 700 1 $aDe Macedo, Francisco.$0(OLS)http://pul/name/69357 700 1 $aSchiff, Michele.$0(OLS)http://pul/name/85933 700 1 $aMolinaro, Aniceto,$csac.,$d1936-2011.$0(OLS)http://pul/name/621 710 2 $aUniversità degli studi Roma Tre.$pFacoltà di Scienze della Formazione.$0(OLS)http://pul/name/85935 711 2 $aConvegno nazionale dell'Associazione dei docenti italiani di filosofia$n (23 :$d2011 :$cRoma).$0(OLS)http://pul/name/85934 850 $aPUL 852 $aPUL$W1$xSL Diritto e Scienze Sociali 3$y79$m321. 8 DEMFR 1$j153285$qDDC 21$B152842$CPULBib$Z2$F152842 $H122061 $82 941 1 $a9 996 $6020$a978-88-63-62071-9$9(OLS)http://pul/number/152269 996 $6082$a321.8$9(OLS)http://pul/classification/710 996 $6245$aDemocrazia, verità, pluralismo$9(OLS)http://pul/title/168544 996 $6260$aNapoli :$bChirico$9(OLS)http://pul/publisher/79231